| 000 | 01939nam0a2200361 4500 | ||
|---|---|---|---|
| 001 | RU\NLR\bibl\71555 | ||
| 005 | 20260406011625.0 | ||
| 021 |
_aRU _b1999-46086 _92275 |
||
| 035 | _a(NLR Aleph) 000069817 | ||
| 090 |
_a384440 _c384440 |
||
| 100 | _a20000222d1999 |||y0rusy50 ca | ||
| 101 | 0 |
_arus _deng |
|
| 102 | _aRU | ||
| 105 | _aa ||||||||| | ||
| 200 | 1 |
_aРасчленение и картирование позднемеловых и магматических образований восточной части Хасынской вулканической дуги _fВ.П. Михайлова, Б.К. Михайлов, С.И. Григорьев |
|
| 210 |
_aМагадан _cСевВостНИЦМИС _d1999 |
||
| 215 |
_a80 с., [1] л. схем. _cил. _d20 |
||
| 225 | 1 |
_aПрепринт _fРос. акад. наук. Дальневост. отд-ние. Сев.-Вост. науч. центр, М-во природ. ресурсов, Сев.-Вост. н.-и. центр минер. сырья |
|
| 300 | _aРез. на англ. яз. | ||
| 320 | _aБиблиогр.: с. 78-80 | ||
| 606 | 0 |
_aМагматические комплексы меловые _xКорреляция _yОхотско-Чукотский пояс _92153034 _3RU\NLR\auth\661296398 |
|
| 686 | _aД342-1(2Р55,1) | ||
| 700 | 1 |
_aМихайлова _bВ. П. _gВера Петровна _4070 |
|
| 701 | 1 |
_4070 _8rus _7ca _aМихайлов _bБ. К. _cканд. экон. наук, геолог _f1950-2020 _gБорис Константинович _3RU\NLR\AUTH\77117112 _9100037 |
|
| 701 | 1 |
_4070 _8rus _7ca _aГригорьев _bС.И. _cканд. геол.-минерал. наук _gСергей Игоревич _3RU\NLR\auth\7733168 _916176 |
|
| 801 | 0 |
_aRU _bNLR _c20000222 _gPSBO |
|
| 801 | 1 |
_aRU _bNLR _c20000222 |
|
| 830 | _aАвт. по кн. | ||
| 852 |
_aNLR _j99-4/10206 |
||
| 942 | _cBOOK | ||
| 980 | _aNB | ||